000 00449nam a22001817a 4500
005 20260130150848.0
008 260130b |||||||| |||| 00| 0 eng d
020 _a9788173716980
_c950.00
040 _aMAIN
041 _aEnglish
082 _a510
_bRAJ
100 _aRajnish Kumar
_926119
245 _aShort Stories About Numbers
260 _aHyderabad
_bUniversity Press
_c2017
300 _a191
650 _aMathematics
_9133
942 _cBK
999 _c60172
_d60172